<?xml version="1.0" encoding="UTF-8"?>
<collection xmlns="http://www.loc.gov/MARC21/slim">
 <record>
  <leader>01572cam a22003492  4500</leader>
  <controlfield tag="001">1131033817</controlfield>
  <controlfield tag="003">DE-627</controlfield>
  <controlfield tag="005">20240401183515.0</controlfield>
  <controlfield tag="007">tu</controlfield>
  <controlfield tag="008">970828s1954    xx |||||      00| ||fre c</controlfield>
  <datafield tag="035" ind1=" " ind2=" ">
   <subfield code="a">(DE-627)1131033817</subfield>
  </datafield>
  <datafield tag="035" ind1=" " ind2=" ">
   <subfield code="a">(DE-576)061033812</subfield>
  </datafield>
  <datafield tag="035" ind1=" " ind2=" ">
   <subfield code="a">(DE-599)BSZ061033812</subfield>
  </datafield>
  <datafield tag="035" ind1=" " ind2=" ">
   <subfield code="a">(OCoLC)39782790</subfield>
  </datafield>
  <datafield tag="035" ind1=" " ind2=" ">
   <subfield code="a">(OCoLC)39782790</subfield>
  </datafield>
  <datafield tag="040" ind1=" " ind2=" ">
   <subfield code="a">DE-627</subfield>
   <subfield code="b">ger</subfield>
   <subfield code="c">DE-627</subfield>
   <subfield code="e">rakwb</subfield>
  </datafield>
  <datafield tag="041" ind1=" " ind2=" ">
   <subfield code="a">fre</subfield>
  </datafield>
  <datafield tag="084" ind1=" " ind2=" ">
   <subfield code="a">9,10</subfield>
   <subfield code="2">ssgn</subfield>
  </datafield>
  <datafield tag="084" ind1=" " ind2=" ">
   <subfield code="a">LO 31999</subfield>
   <subfield code="2">rvk</subfield>
   <subfield code="0">(DE-625)rvk/102903:</subfield>
  </datafield>
  <datafield tag="100" ind1="1" ind2=" ">
   <subfield code="a">Mottart, Alphonse</subfield>
   <subfield code="0">(DE-627)1245353594</subfield>
   <subfield code="0">(DE-576)17535359X</subfield>
   <subfield code="4">aut</subfield>
  </datafield>
  <datafield tag="245" ind1="1" ind2="3">
   <subfield code="a">La collégiale Sainte-Gertrude de Nivelles</subfield>
   <subfield code="c">A. Mottard</subfield>
  </datafield>
  <datafield tag="264" ind1=" " ind2="1">
   <subfield code="a">Nivelles</subfield>
   <subfield code="b">[Ed. Les Archers]</subfield>
   <subfield code="c">1954</subfield>
  </datafield>
  <datafield tag="300" ind1=" " ind2=" ">
   <subfield code="a">88 S.</subfield>
   <subfield code="b">Ill., Kt.</subfield>
  </datafield>
  <datafield tag="336" ind1=" " ind2=" ">
   <subfield code="a">Text</subfield>
   <subfield code="b">txt</subfield>
   <subfield code="2">rdacontent</subfield>
  </datafield>
  <datafield tag="337" ind1=" " ind2=" ">
   <subfield code="a">ohne Hilfsmittel zu benutzen</subfield>
   <subfield code="b">n</subfield>
   <subfield code="2">rdamedia</subfield>
  </datafield>
  <datafield tag="338" ind1=" " ind2=" ">
   <subfield code="a">Band</subfield>
   <subfield code="b">nc</subfield>
   <subfield code="2">rdacarrier</subfield>
  </datafield>
  <datafield tag="583" ind1="1" ind2=" ">
   <subfield code="a">Archivierung/Langzeitarchivierung gewährleistet</subfield>
   <subfield code="f">SSG</subfield>
   <subfield code="x">XA-DE-BW</subfield>
   <subfield code="2">pdager</subfield>
   <subfield code="5">DE-16</subfield>
  </datafield>
  <datafield tag="787" ind1="0" ind2="8">
   <subfield code="i">Rezension</subfield>
   <subfield code="a">Gall, Ernst, 1888 - 1958</subfield>
   <subfield code="t">[Rezension von: A. Mottart, La collégiale Ste. Gertrude de Nivelles]</subfield>
   <subfield code="d">Nürnberg : Carl, 1955</subfield>
   <subfield code="w">(DE-627)1687158681</subfield>
  </datafield>
  <datafield tag="936" ind1="r" ind2="v">
   <subfield code="a">LO 31999</subfield>
   <subfield code="b">Sonstige Orte (CSN)</subfield>
   <subfield code="k">Kunstgeschichte</subfield>
   <subfield code="k">Kunst nach Ländern bzw. Kontinenten</subfield>
   <subfield code="k">Holland, Belgien, Luxemburg (im folgenden als Niederlande bezeichnet)</subfield>
   <subfield code="k">Kunsttopografie der Niederlande</subfield>
   <subfield code="k">Alphabetische Liste der niederländischen Orte (Holland, Belgien, Luxemburg)</subfield>
   <subfield code="k">Sonstige Orte (CSN)</subfield>
   <subfield code="0">(DE-627)1271313936</subfield>
   <subfield code="0">(DE-625)rvk/102903:</subfield>
   <subfield code="0">(DE-576)201313936</subfield>
  </datafield>
  <datafield tag="951" ind1=" " ind2=" ">
   <subfield code="a">BO</subfield>
  </datafield>
  <datafield tag="991" ind1=" " ind2=" ">
   <subfield code="a">Rezensiertes Werk</subfield>
  </datafield>
  <datafield tag="999" ind1=" " ind2=" ">
   <subfield code="a">KXP-PPN1131033817</subfield>
   <subfield code="e">4098954923</subfield>
  </datafield>
 </record>
</collection>
